Nový zákon o odpadoch

Nastavenie nových pravidiel pre uskutočňovanie zmien v odpadovom hospodárstve a vytvorenie porovnateľných podmienok s ostatnými členskými štátmi Európskej únie.

Guardado en:
Detalles Bibliográficos
Autor principal: Brindzová, Zuzana
Formato: Capítulo de libro
Lenguaje:eslovaco
Materias:
Etiquetas: Agregar Etiqueta
Sin Etiquetas, Sea el primero en etiquetar este registro!

MARC

LEADER 00000nla a2200000 4500
001 0197109
005 20240502073327.4
041 0 |a slo 
044 |a SK 
245 1 0 |a Nový zákon o odpadoch  |c Zuzana Brindzová 
520 |a Nastavenie nových pravidiel pre uskutočňovanie zmien v odpadovom hospodárstve a vytvorenie porovnateľných podmienok s ostatnými členskými štátmi Európskej únie. 
610 2 0 |a Európska únia 
610 2 0 |a hospodárstvo odpadové 
610 2 0 |a spolupráca medzinárodná 
610 2 0 |a euroregióny 
610 2 0 |a obce 
610 2 0 |a zákony 
100 1 |a Brindzová, Zuzana